000 00974nam a2200229 4500
005 20260213110805.0
008 260213b |||||||| |||| 00| 0 eng d
020 _a9788126704095 (hbk)
037 _cTB
040 _aCRL
_cCRL
041 _2hin
_ahin
084 _aNT44 152Q3
100 _aअंकुर, देवेन्द्र राज
_91115554
245 _aदर्शन प्रदर्शन
260 _aनई दिल्ली, भारत:
_bराजकमल प्रकाशन,
_c2013.
300 _a162पृ.
365 _b595.00
_cINR
650 _aललित कला
_91115555
650 _aथिएटर
_91115556
942 _2CC
_n0
_cTB
_hNT44 152Q3
999 _c1679523
_d1679523